100 Largest Lakes In Europe - Statistics

General Stats
  • This quiz has been taken 283 times
  • The average score is 26 of 100
Answer Stats
Country Lake % Correct
Russia Ladoga
86%
France, Switzerland Geneva
85%
Russia Onega
77%
Italy Como
75%
Hungary Balaton
70%
Italy Garda
66%
Sweden Vänern
64%
Sweden Vättern
62%
Austria, Germany, Switzerland Constance
60%
Finland Saimaa
57%
Estonia, Russia Peipus
56%
Italy, Switzerland Maggiore
51%
Albania, North Macedonia Ohrid
51%
Netherlands IJsselmeer
49%
Finland Inari
43%
Switzerland Neuchâtel
37%
Austria, Hungary Neusiedl
37%
Sweden Mälaren
36%
Albania, Greece, North Macedonia Prespa
36%
Albania, Montenegro Skadar
36%
United Kingdom Lough Neagh
35%
Netherlands Markermeer
34%
Norway Mjøsa
29%
Finland Oulujärvi
29%
Sweden Siljan
29%
Finland Päijänne
28%
Sweden Torneträsk
28%
Russia Topozero
27%
Russia Vygozero
25%
Finland Näsijärvi
24%
Russia Beloye
23%
Russia Ilmen
23%
Russia Imandra
23%
Finland Kemijärvi
23%
Sweden Akkajaure
22%
Sweden Åsnen
22%
Finland Lappajärvi
22%
Russia Pyaozero
22%
Romania Razelm
22%
Finland Kallavesi
21%
Finland Kivijärvi
21%
Russia Leksozero
21%
Russia Ondozero
21%
Sweden Uddjaure
21%
Sweden Bolmen
20%
Sweden Hornavan
20%
Russia Keret
20%
Russia Kovdozero
20%
Ireland Lough Corrib
20%
Russia Lovozero
20%
Russia Nyuk
20%
Finland | Finland, Russia Pyhäjärvi
20%
Russia Segozero
20%
Romania Sinoe
20%
Sweden Storavan
20%
Sweden Storsjön
20%
Sweden Storuman
20%
Spain Mar Menor
19%
Norway Randsfjorden
19%
Russia Syamozero
19%
Norway Tyrifjorden
19%
Ukraine Yalpug
19%
Finland Iisvesi
18%
Russia Lower Kuyto
18%
Russia Middle Kuyto
18%
Russia Umbozero
18%
Russia Upper Kuyto
18%
Finland Vanajavesi
18%
Russia Vodlozero
18%
France Étang de berre
17%
Norway Femund
17%
Finland Puula
17%
Finland Suvasvesi
17%
Russia Vozhe
17%
Russia Elton
16%
Sweden Hjälmaren
16%
Finland Juojärvi
16%
Sweden Kallsjön
16%
Finland Keitele
16%
Finland Konnevesi
16%
Sweden Stora Lulevatten
16%
Netherlands Grevelingenmeer
15%
Russia Tikshozero
15%
Finland Suontee
14%
Finland Juurusvesi-Akonvesi
13%
Finland Koitere
13%
Finland Nilakka
13%
Norway Røssvatnet
13%
Finland Pielinen
12%
Russia Seliger
12%
Finland Yli-Kitka
12%
Russia Lacha
11%
Russia Yanisyarvi
9%
Estonia Võrtsjärv
8%
Russia Sheksninskoye
5%
Finland Höytiäinen
4%
Russia Manych-Gudilo
3%
Sweden Ströms vattudal
3%
Finland Kiantajärvi
2%
No matching quizzes found
Score Distribution
Percent of People with Each Score
Percentile by Number Answered
Your Score History
You have not taken this quiz